Catálogo
 En Linea

Calculo editorial. : (Registro nro. 10521)

Detalles MARC
000 -CABECERA
campo de control de longitud fija 00691cam a22002291 4500
001 - NÚMERO DE CONTROL
campo de control 000010767
005 - FECHA Y HORA DE LA ÚLTIMA TRANSACCIÓN
campo de control 20200929162305.0
008 - DATOS DE LONGITUD FIJA--INFORMACIÓN GENERAL
campo de control de longitud fija 890124s1972 sp a b 000 0 spa
010 ## - NÚMERO DE CONTROL DE LA BIBLIOTECA DEL CONGRESO
Número de control de LC 73346813
015 ## - NÚMERO DE BIBLIOGRAFÍA NACIONAL
Número de bibliografía nacional Sp73-Mar
020 ## - NÚMERO INTERNACIONAL ESTÁNDAR DEL LIBRO
Número Internacional Estándar del Libro 8428303355
035 ## - NÚMERO DE CONTROL DEL SISTEMA
Número de control de sistema (OCoLC)19056420
040 ## - FUENTE DE LA CATALOGACIÓN
Centro catalogador/agencia de origen DO-SdBNP
Centro/agencia transcriptor NBPu
Centro/agencia modificador NBPu
-- DLC
042 ## - CÓDIGO DE AUTENTICACIÓN
Código de autenticación premarc
050 00 - SIGNATURA TOPOGRÁFICA DE LA BIBLIOTECA DEL CONGRESO
Número de clasificación HF5686.P94
Número de documento/Ítem M35
100 2# - ENTRADA PRINCIPAL--NOMBRE DE PERSONA
Nombre de persona Mangada Sanz, Alfonso.
9 (RLIN) 25984
245 10 - MENCIÓN DE TÍTULO
Título Calculo editorial. :
Resto del título Fundamentos economicos de la edicion.
260 ## - PUBLICACIÓN, DISTRIBUCIÓN, ETC.
Lugar de publicación, distribución, etc. Madrid, :
Nombre del editor, distribuidor, etc. Paraninfo,
Fecha de publicación, distribución, etc. c1972.
300 ## - DESCRIPCIÓN FÍSICA
Extensión 580 p. :
Otras características físicas fold. l., illus. ;
Dimensiones 25 cm.
504 ## - NOTA DE BIBLIOGRAFÍA, ETC.
Nota de bibliografía, etc. Bibliography: p. 556-574.
650 #0 - PUNTO DE ACCESO ADICIONAL DE MATERIA--TÉRMINO DE MATERIA
Término de materia o nombre geográfico como elemento de entrada Publishers and publishing
Subdivisión general Accounting.
9 (RLIN) 25985
Existencias
Estado de retiro Estado de pérdida Restricciones de uso No para préstamo Código de colección Localización permanente Ubicación/localización actual Ubicación en estantería Fecha de adquisición Número de inventario Total de préstamos Signatura topográfica completa Código de barras Fecha visto por última vez Precio válido a partir de Tipo de ítem Koha
    Préstamo interno   Monografías: Libros y Folletos General General En catalogación 09.10.2009 LF1   10767-10 25.06.2020 25.06.2020 Préstamo interno

Con tecnología Koha